000 00638nam a2200241Ia 4500
003 OSt
005 20220918204248.0
006 a|||||r|||| 00| 0
007 ta
008 220917b |||||||| |||| 00| 0 eng d
024 _a111,775
037 _cTextual
040 _aARTS
_cARTS
_beng
041 _2eng
_aeng
082 _aV51:73.A, L1
100 _aMilne J G
_9111295
245 0 _aGreek and Roman coins and the study of history
260 _aWestport
_bGreenwood Press
_c1971
300 _a128p. illus
_ccm.
650 _aHISTORY
942 _hV51:73.A, L1
_cTEXL
_2CC
999 _c235124
_d235124